Statistics for The Police Songs

Click here to take the quiz!

General Stats

  • This quiz has been taken 242 times
  • The average score is 20 of 53

Answer Stats

Outlandos D'Amour% Correct
Roxanne
90%
Every Breath You Take
88%
Message in a Bottle
85%
Synchronicity II
82%
Synchronicity I
82%
Don't Stand So Close to Me
82%
Walking on the Moon
76%
Every Little Thing She Does is Magic
76%
So Lonely
63%
Can't Stand Losing You
61%
King Of Pain
60%
De Do Do Do, De Da Da Da
55%
Wrapped Around Your Finger
54%
Invisible Sun
50%
Spirits in the Material World
50%
Tea in the Sahara
48%
Reggatta De Blanc
47%
Canary in a Coalmine
43%
Next to You
39%
The Bed's Too Big Without You
36%
Man in a Suitcase
34%
Bring on the Night
32%
Demolition Man
31%
Peanuts
31%
Born in the 50's
31%
Walking in Your Footsteps
29%
Miss Gradenko
29%
Mother
28%
Be My Girl - Sally
27%
When the World is Running Down, You Make the Best of What's Still Around
26%
Driven to Tears
26%
On Any Other Day
24%
Omega Man
24%
Behind My Camel
22%
Hungry for You (J'Aurais Toujours Faim De Toil)
22%
Hole in My Life
21%
Bombs Away
21%
Deathwish
21%
O My God
20%
Truth Hits Everybody
20%
Rehumanize Yourself
19%
One World (Not Three)
19%
No Time This Time
19%
Does Everyone Stare
19%
Secret Journey
18%
Darkness
18%
The Other Way of Stopping
18%
Contact
17%
Shadows in the Rain
16%
Voices Inside My Head
15%
Masoko Tanga
14%
Too Much Information
13%
It's Alright For You
13%

Score Distribution

Percentile by Number Answered

Percent of People with Each Score

Your Score History

You have not taken this quiz